Normal view
MARC view
- Hong, Wei Chiang
Entry Personal Name
001 - CONTROL NUMBER
- control field: 115179
003 - CONTROL NUMBER IDENTIFIER
- control field: NUST
005 - DATE AND TIME OF LATEST TRANSACTION
- control field: 20230912165218.0
008 - FIXED-LENGTH DATA ELEMENTS
- fixed length control field: 230912|| aca||aabn | a|a d
040 ## - CATALOGING SOURCE
- Original cataloging agency: NUST
- Transcribing agency: NUST
100 ## - HEADING--PERSONAL NAME
- Personal name: Hong, Wei Chiang
670 ## - SOURCE DATA FOUND
- Source citation: Work cat.: (NUST): Hong, Wei Chiang., Intelligent energy demand forecasting /, 2013
